[Event "SRI-chB"]
[Site "Colombo"]
[Date "2018.03.03"]
[Round "5"]
[White "Wijekoon, Chandana"]
[Black "Aluvihare, Shakila"]
[Result "1/2-1/2"]
[WhiteElo "1952"]
[BlackElo "1651"]
[PlyCount "51"]
[EventDate "2018.03.01"]
[EventType "swiss"]
[EventRounds "10"]
[EventCountry "SRI"]
[SourceTitle "EXT 2019"]
[Source "ChessBase"]
[SourceDate "2018.10.10"]
[SourceVersion "1"]
[SourceVersionDate "2018.10.10"]
[SourceQuality "1"]

1. e4 c6 2. Nc3 d5 3. Nf3 dxe4 4. Nxe4 Bg4 5. h3 Bxf3 6. Qxf3 e6 7. g3 Nd7 8. d4 Ngf6 9. Bg2 Nxe4 10. Qxe4 Nf6 11. Qe3 Qa5+ 12. c3 Bd6 13. 0-0 0-0 14. c4 Rfe8 15. Qb3 Qb6 16. Qxb6 axb6 17. Be3 Bc7 18. Rfd1 Red8 19. Bg5 Rd7 20. Bxf6 gxf6 21. Rd3 Be5 22. Rad1 Rad8 23. b3 Rxd4 24. Rxd4 Rxd4 25. Rxd4 Bxd4 26. Bf1 1/2-1/2

[Event "SRI-chB"]
[Site "Colombo"]
[Date "2018.03.02"]
[Round "3"]
[White "Kavinda, Akila"]
[Black "Aluvihare, Shakila"]
[Result "0-1"]
[WhiteElo "2008"]
[BlackElo "1651"]
[PlyCount "66"]
[EventDate "2018.03.01"]
[EventType "swiss"]
[EventRounds "10"]
[EventCountry "SRI"]
[SourceTitle "EXT 2019"]
[Source "ChessBase"]
[SourceDate "2018.10.10"]
[SourceVersion "1"]
[SourceVersionDate "2018.10.10"]
[SourceQuality "1"]

1. Nf3 Nf6 2. d4 c5 3. d5 d6 4. Nc3 g6 5. e4 Bg7 6. Be2 Bg4 7. Nd2 Bxe2 8. Qxe2 0-0 9. 0-0 Nbd7 10. Nc4 Rb8 11. a4 Ne8 12. Ra3 b6 13. Nb5 Rb7 14. Bg5 a6 15. Nbxd6 Rb8 16. Nxe8 Qxe8 17. Rh3 Nf6 18. b3 Qc8 19. Ne5 Re8 20. Nc6 Ra8 21. c4 e6 22. Bxf6 Bxf6 23. Qf3 Bg7 24. Qf4 Qd7 25. Qh4 h6 26. Qg4 Rec8 27. Rf3 a5 28. Rd3 Rxc6 29. dxc6 Qxd3 30. Rd1 Qxb3 31. c7 Bd4 32. h4 h5 33. Qe2 Qxa4 0-1

[Event "SRI-chB"]
[Site "Narahenpita"]
[Date "2017.05.12"]
[Round "1"]
[White "Aluvihare, Shakila"]
[Black "Piyumantha, M Sasith Nipun"]
[Result "0-1"]
[WhiteElo "1656"]
[BlackElo "2010"]
[PlyCount "91"]
[EventDate "2017.05.12"]
[EventType "swiss"]
[EventRounds "10"]
[EventCountry "SRI"]
[SourceTitle "CBM 178 Extra"]
[Source "ChessBase"]
[SourceDate "2017.06.22"]
[SourceVersion "1"]
[SourceVersionDate "2017.06.22"]
[SourceQuality "1"]

1. d4 Nf6 2. Nf3 c5 3. d5 d6 4. Nc3 g6 5. e4 Nbd7 6. Bd3 Bg7 7. 0-0 0-0 8. Re1 Ng4 9. h3 Nge5 10. Nxe5 Nxe5 11. f4 Nxd3 12. Qxd3 Bd7 13. e5 b5 14. g4 Qb6 15. Qe4 Rae8 16. Bd2 b4 17. Ne2 f5 18. Qe3 fxg4 19. e6 Bb5 20. c3 Bxe2 21. Rxe2 gxh3 22. Qxh3 Rf5 23. Rf1 Ref8 24. Rf3 Qb7 25. c4 Qa6 26. b3 Qxa2 27. Qg4 Bd4+ 28. Kg2 Qb1 29. Re1 Qc2 30. Re2 Rh5 31. Rh3 Rxh3 32. Qxh3 Qd1 33. Qf3 Rf5 34. Be1 Rxf4 35. Qxf4 Qxe2+ 36. Kh3 Bf6 37. Bh4 Qh5 38. Kg3 Qxh4+ 39. Qxh4 Bxh4+ 40. Kxh4 a5 41. Kg5 Kg7 42. Kg4 a4 43. bxa4 b3 44. a5 b2 45. a6 b1Q 46. Kf4 0-1